00217nam a2200085Ia 4500001000800000005001700008008004100025245004900066260001600115125000920251031150847.0251031s9999 xx 000 0 und d 0cTOLGA ALVERaE-2 KAFAMIN İÇİNE SEYAHAT bKAYALIPARK